00249 a2200121 4500245004100000100001300041700001700054700001400071260000900085300001500094035000900109035000900118 aEndoscopie et biopsie de l'intestin  aBeck, K. aDischler, W. aHelms, M. c1974 aXII-357 p. a0518 a2472